| 000 | 01977nam a2200265Ia 4500 | ||
|---|---|---|---|
| 003 | CO-CtgCURN | ||
| 005 | 20250411165930.0 | ||
| 008 | 190723s2002 xx 000 0 und d | ||
| 020 | _a9586903656 | ||
| 040 |
_aCO-CtgCURN _bspa _ccoctgcurn |
||
| 082 |
_a345.3 _bF465p |
||
| 100 |
_aFierro-Méndez, Heliodoro _eautor _99559 |
||
| 245 | 0 |
_aLa prueba en el derecho procesal penal : _bconforme con el nuevo código de procedimiento penal / _cHeliodoro Fierro-Méndez |
|
| 250 | _a2 edición | ||
| 260 |
_aBogotá, Colombia : _bLeyer, _c2002 |
||
| 300 |
_a590 páginas ; _c24 centímetros |
||
| 500 | _aIncluye índice | ||
| 504 | _aIncluye referencias bibliográficas (p. [581]-584) | ||
| 505 | _aPte. I. Introducción al tema -- La prueba en la edad media y los juicios de Dios -- Necesidad de la prueba en asunto penal -- Pte. II. La prueba -- Cap. 1. Conceptuación del vocablo prueba -- Cap. 2. Clasificación de la prueba -- Elementos que coadyuvan a la formación de la prueba -- Finalidad de la prueba -- Pte. III. Medios de prueba -- Cap. 1. Conceptuación acerca del medio de prueba -- Cap. 2. Clasificación de los medios de prueba -- Cap. 3. Elementos de los medios de prueba -- Cap. 4. Los medios de prueba en particular -- Cap. 5. Elección de los medios de prueba -- Pte. IV. Racionalidad y razonabilidad en la estructura probatoria -- La estructura probatoria -- Principios de rectores de carácter general de la prueba, y de los medios de prueba -- El dogma de la carga de la prueba -- Calificación e impecabilidad de la parte formal de la estructura probatoria o aspectos de derecho -- Valoración de la parte racional de la estructura probatoria o aspectos de hecho -- Racionalidad -- Pte. V. Suplemento jurisprudencial. | ||
| 521 | _aAREA PROFESIONAL | ||
| 590 | _aPrograma de Derecho_18 | ||
| 650 |
_aPrueba (Derecho) _99560 |
||
| 942 |
_cBK _h345.3 _iF465p _2ddc _n0 |
||
| 999 |
_c28995 _d28995 |
||